National Survey of Police-Media Relations, 2000

This study was undertaken to examine the influence police officers have in creating an image of law enforcement through media relations and public information offices/officers (PIO). A survey was mailed nationwide to police departments serving areas with populations exceeding 100,000 residents. The...

Ausführliche Beschreibung

Gespeichert in:  
Bibliographische Detailangaben
1. VerfasserIn: Lovell, Jarret S. (Verfasst von)
Beteiligte: Kelling, George L. (Mitwirkung)
Medienart: Elektronisch Forschungsdaten
Sprache:Englisch
Veröffentlicht: [Erscheinungsort nicht ermittelbar] [Verlag nicht ermittelbar] 2003
In:Jahr: 2003
Online-Zugang: Volltext (kostenfrei)
Verfügbarkeit prüfen: HBZ Gateway
Schlagwörter:

MARC

LEADER 00000cam a22000002c 4500
001 184006501X
003 DE-627
005 20250629212710.0
007 cr uuu---uuuuu
008 230324s2003 xx |||||o 00| ||eng c
024 7 |a 10.3886/ICPSR03597.v1  |2 doi 
035 |a (DE-627)184006501X 
035 |a (DE-599)KXP184006501X 
040 |a DE-627  |b ger  |c DE-627  |e rda 
041 |a eng 
084 |a 2,1  |2 ssgn 
100 1 |a Lovell, Jarret S.  |e VerfasserIn  |4 aut 
245 1 0 |a National Survey of Police-Media Relations, 2000 
264 1 |a [Erscheinungsort nicht ermittelbar]  |b [Verlag nicht ermittelbar]  |c 2003 
336 |a Text  |b txt  |2 rdacontent 
337 |a Computermedien  |b c  |2 rdamedia 
338 |a Online-Ressource  |b cr  |2 rdacarrier 
520 |a This study was undertaken to examine the influence police officers have in creating an image of law enforcement through media relations and public information offices/officers (PIO). A survey was mailed nationwide to police departments serving areas with populations exceeding 100,000 residents. The survey items identified the following factors: (1) the presence and nature of a formal departmental media strategy, (2) the prevalence of full-time police PIO, (3) PIO background characteristics, including educational/vocational training in media, journalism, or public relations, (4) specific goals of police media relations offices and PIOs, (5) the various methods by which these goals are achieved, and (6) the perceived quality of police-media interaction, the police image, and the public information office both before and after the adoption of the current media strategy. 
540 |a ICPSR Terms of Use 
650 4 |a media influence 
650 4 |a media use 
650 4 |a police departments 
650 4 |a Police officers 
650 4 |a Public Opinion 
650 4 |a Public relations 
655 7 |a Forschungsdaten  |0 (DE-588)1098579690  |0 (DE-627)857755366  |0 (DE-576)469182156  |2 gnd-content 
700 1 |a Kelling, George L.  |e MitwirkendeR  |4 ctb 
787 0 8 |i Forschungsdaten zu  |a Eisenberg, Theodore, 1947 -   |t Juries, judges, and punitive damages: Empirical analyses using the Civil Justice Survey of State Courts 1992, 1996, and 2001 data  |d 2006  |w (DE-627)1912601796 
787 0 8 |i Forschungsdaten zu  |a Lovell, Jarret S.  |t Media Power and Information Control: A Study of Police Organizations and Media Relations  |d [Erscheinungsort nicht ermittelbar] : Rutgers University, School of Criminal Justice [producer], United States Department of Justice, National Institute of Justice [distributor], 2001  |w (DE-627)1912620324 
856 4 0 |u https://doi.org/10.3886/ICPSR03597.v1  |x Resolving-System  |z kostenfrei  |3 Volltext  |7 0 
935 |a mkri 
951 |a BO 
ELC |a 1 
LOK |0 000 xxxxxcx a22 zn 4500 
LOK |0 001 4296812742 
LOK |0 003 DE-627 
LOK |0 004 184006501X 
LOK |0 005 20230324125327 
LOK |0 008 230324||||||||||||||||ger||||||| 
LOK |0 035   |a (DE-2619)ICPSR3597 
LOK |0 040   |a DE-2619  |c DE-627  |d DE-2619 
LOK |0 092   |o n 
LOK |0 852   |a DE-2619 
LOK |0 852 1  |9 00 
LOK |0 935   |a foda  |a nacj 
LOK |0 939   |a 24-03-23  |b l01 
OAS |a 1 
ORI |a SA-MARC-krimdoka001.raw